000 00367nam a2200109Ia 4500
008 200302s9999 xx 000 0 und d
100 _aKate Nesbitt ed.,
245 _aTheorizing A New Agenda for Architecture an anthology of theory architecture An anthology of architectural theory 1965-1995
260 _bPrinceton Architectural Press
260 _c1996
300 _a606
999 _c6077
_d6077